แสดงรายละเอียดบรรณานุกรม
  กลับหน้าหลัก

Brief Record : Get Marc (ISO 2709) : E-mail record : QR code ปิดหน้าต่าง
หนังสืออ้างอิง E-books : เกี่ยวกับ Collections
LEADER 00000nam 2200000uu 4500
008    120515s2554||||th 000 0 tha d
060  0 อ WZ80 ว585 2554
100 0  ^aวิทยาลัยพยาบาลบรมราชชนนี กรุงเทพฯ.
245 00 ^a65 ปี แห่งความทรงจำ 2489-2554 สมาคมศิษย์เก่าวิทยาลัยพยาบาลบรมราชชนนี กรุงเทพฯ/^cวิทยาลัยพยาบาลบรมราชชนนี กรุงเทพฯ.
260    ^aกรุงเทพฯ:^bบริษัท วี อินเตอร์ พริ้น จำกัด,^c2554.
300    ^a432 หน้า:^bภาพประกอบ
999    ^aใช้งานได้ทุกระบบ
รายการนี้ยังไม่มีแท็ก
คุณยังไม่ได้ล็อกอิน คุณสามารถมีกิจกรรมร่วมกับเว็บไซต์ได้ แต่ต้องล็อกอินก่อน ::
  ล็อกอิน
ลำดับที่ ประเภท เลขเรียก สถานที่ สถานะ
1. หนังสืออ้างอิง
หนังสืออ้างอิง
อ WZ80 ว585 2554  
  
หนังสือทั่วไป On Shelf
  ขอยืม
   [แสดง 1/1 รายการ]

BibComment


ยังไม่เคยถูกคอมเมนท์

คอมเมนท์ทรัพยากรรายการนี้
  คอมเมนท์: 65 ปี แห่งความทร..
Bib 207121

 
 
 

 Union Library Management : ULibM
Copyright 2026. All Rights Reserved.
скачать бесплатно без регистрации порно красивый секс HD Sex Hindi sex

xxx gou

xxxx

bfxxx

xxxwww

Секса Видео

xxxx

Секса Видео

detube

geilexxx

C99 Shell

worms shell

blod xxx video
Ebony Coed Rihanna Rimes Takes A Dick In Her Young Twat priyaa indian fuck anal and pusssy hardcore indian women xxx desi hardcore fucking part 1 bengalixxxcouple